Technetium-99m hexamethylpropylene amine oxime labelled leucocyte scintigraphy in ulcerative colitis and Crohn’s disease

Elmentve itt :
Bibliográfiai részletek
Szerzők: Papós Miklós
Nagy Ferenc
Láng Jenő
Csernay László
Dokumentumtípus: Cikk
Megjelent: 1993
Sorozat:EUROPEAN JOURNAL OF NUCLEAR MEDICINE 20 No. 9
Tárgyszavak:
doi:10.1007/BF00180906

mtmt:2429903
Online Access:http://publicatio.bibl.u-szeged.hu/32151
LEADER 00860nab a2200241 i 4500
001 publ32151
005 20250324081804.0
008 250324s1993 hu o 000 eng d
022 |a 0340-6997 
024 7 |a 10.1007/BF00180906  |2 doi 
024 7 |a 2429903  |2 mtmt 
040 |a SZTE Publicatio Repozitórium  |b hun 
041 |a eng 
100 1 |a Papós Miklós 
245 1 0 |a Technetium-99m hexamethylpropylene amine oxime labelled leucocyte scintigraphy in ulcerative colitis and Crohn’s disease  |h [elektronikus dokumentum] /  |c  Papós Miklós 
260 |c 1993 
300 |a 766-769 
490 0 |a EUROPEAN JOURNAL OF NUCLEAR MEDICINE  |v 20 No. 9 
650 4 |a Klinikai orvostan 
700 0 1 |a Nagy Ferenc  |e aut 
700 0 1 |a Láng Jenő  |e aut 
700 0 1 |a Csernay László  |e aut 
856 4 0 |u http://publicatio.bibl.u-szeged.hu/32151/1/aok_klny_527_93.pdf  |z Dokumentum-elérés